000 00360cam a2200145ua 4500
041 _aeng
_h
082 _a823.308
_bSPI/ON
100 _aSpillane, Mickey .
245 _aOne lonly Night /
_cSpillane,Mickey.
_hTextual Documents
260 _a :
_bThe New American Library ,
_c1962.
300 _a176 ; .
504 _a
942 _cBK
999 _c11839
_d11839